| 000 | 00534nmm a2200157Ia 4500 | ||
|---|---|---|---|
| 008 | 251105s9999||||xx |||||||||||||||||und|| | ||
| 041 | _aspa | ||
| 100 | _aGamella, Juan F. | ||
| 245 | 0 | _aHistorias de éxito : modelos para frenar el abandono escolar de la adolescencia gitana | |
| 264 |
_a[Madrid, España] : _bMinisterio de Educación, Cultura y Deporte de España, _c2012 |
||
| 300 | _a431 páginas | ||
| 490 | _aEstudios Creade | ||
| 650 | _aEducation | ||
| 856 | _uhttps://public.digitaliapublishing.com/a/20905 | ||
| 942 | _cCF | ||
| 999 |
_c99316 _d99316 |
||